[Event "Llinars del Valles op-A 12th"]
[Site "Llinars del Valles"]
[Date "2018.06.09"]
[Round "8"]
[White "Miguez Cabello, Federico"]
[Black "Costa Trave, Jaume"]
[Result "0-1"]
[WhiteElo "1817"]
[BlackElo "1984"]
[PlyCount "70"]
[EventDate "2018.04.14"]
[EventType "swiss"]
[EventRounds "8"]
[EventCountry "ESP"]
[SourceTitle "EXT 2019"]
[Source "ChessBase"]
[SourceDate "2018.10.10"]
[SourceVersion "1"]
[SourceVersionDate "2018.10.10"]
[SourceQuality "1"]

1. d4 d5 2. Nf3 Bf5 3. e3 e6 4. c4 Nc6 5. cxd5 exd5 6. Bb5 Bd6 7. Ne5 Bxe5 8. dxe5 Nge7 9. 0-0 0-0 10. Bxc6 Nxc6 11. Nc3 Ne7 12. g4 Bc8 13. f4 g6 14. Qf3 c6 15. Bd2 Qd7 16. g5 b6 17. Ne2 c5 18. Ng3 Bb7 19. Rae1 Nf5 20. Bc1 a5 21. Qg4 Rad8 22. h4 d4 23. e4 Nxg3 24. Qxg3 c4 25. f5 b5 26. f6 Bc8 27. Rd1 Qg4 28. Qxg4 Bxg4 29. Kf2 Bxd1 30. Rxd1 b4 31. Ke2 Rfe8 32. Bf4 Rd7 33. Rc1 Rc8 34. Bg3 d3+ 35. Kd2 c3+ 0-1

[Event "Llinars del Valles op-A 12th"]
[Site "Llinars del Valles"]
[Date "2018.06.02"]
[Round "7"]
[White "Romero Perera, Eugeni"]
[Black "Miguez Cabello, Federico"]
[Result "1/2-1/2"]
[WhiteElo "1978"]
[BlackElo "1817"]
[PlyCount "43"]
[EventDate "2018.04.14"]
[EventType "swiss"]
[EventRounds "8"]
[EventCountry "ESP"]
[SourceTitle "CBM 184 Extra"]
[Source "ChessBase"]
[SourceDate "2018.06.28"]
[SourceVersion "1"]
[SourceVersionDate "2018.06.28"]
[SourceQuality "1"]

1. d4 Nf6 2. c4 e6 3. Nc3 Bb4 4. Nf3 0-0 5. a3 Bxc3+ 6. bxc3 c5 7. e3 d5 8. Bd3 b6 9. 0-0 Nc6 10. Qc2 dxc4 11. Bxc4 Na5 12. Be2 Bb7 13. Ne5 Rc8 14. Qb2 c4 15. f3 Nd7 16. Nxd7 Qxd7 17. e4 f5 18. e5 Nb3 19. Rb1 Be4 20. Be3 a5 21. Rbd1 b5 22. f4 1/2-1/2

[Event "Llinars del Valles op-A 12th"]
[Site "Llinars del Valles"]
[Date "2018.04.28"]
[Round "3"]
[White "Rodriguez Martinez, Juan P"]
[Black "Miguez Cabello, Federico"]
[Result "0-1"]
[WhiteElo "1841"]
[BlackElo "1817"]
[PlyCount "126"]
[EventDate "2018.04.14"]
[EventType "swiss"]
[EventRounds "8"]
[EventCountry "ESP"]
[SourceTitle "CBM 184 Extra"]
[Source "ChessBase"]
[SourceDate "2018.06.28"]
[SourceVersion "1"]
[SourceVersionDate "2018.06.28"]
[SourceQuality "1"]

1. d4 Nf6 2. Nf3 c5 3. c3 e6 4. Bf4 Qb6 5. Qc2 Nc6 6. e3 cxd4 7. exd4 Nh5 8. Be3 Qc7 9. Bd3 g6 10. Qd2 Bg7 11. 0-0 0-0 12. Na3 a6 13. Bh6 d6 14. Bxg7 Kxg7 15. Nc2 e5 16. Qg5 Nf4 17. Bc4 b5 18. Bb3 h6 19. Qh4 g5 20. Nxg5 hxg5 21. Qxg5+ Ng6 22. f4 Qe7 23. Qg3 Qh4 24. Qf3 Bd7 25. f5 Nf4 26. dxe5 dxe5 27. g3 Nh3+ 28. Kg2 Qh6 29. f6+ Kh8 30. Rad1 Ng5 31. Qe3 Bh3+ 32. Kh1 Bxf1 33. Rxf1 Qg6 34. Bd5 Rac8 35. h4 Rfd8 36. Bg2 Rd3 37. Qxg5 Rxg3 38. Qxg6 Rxg6 39. Kh2 Nd4 40. Ne3 Ne2 41. Be4 Rh6 42. Kh3 Nf4+ 43. Kg3 Rg8+ 44. Ng4 Rxf6 45. Rf3 Nh5+ 46. Kh3 Rxf3+ 47. Bxf3 Nf4+ 48. Kh2 e4 49. Bd1 f5 50. Ne3 Rd8 51. Bb3 Rd2+ 52. Kh1 Nd3 53. Nxf5 Nxb2 54. Kg1 Nc4 55. Bxc4 bxc4 56. Ne3 Rd3 57. Nxc4 Rxc3 58. Ne5 Rc2 59. a4 Ra2 60. Kf1 Rxa4 61. Ke2 Rb4 62. Nc6 Rb3 63. Ne5 a5 0-1

[Event "Llinars del Valles op-A 7th"]
[Site "Llinars del Valles"]
[Date "2013.04.27"]
[Round "3"]
[White "Saurina Suner, Francesc Xavier"]
[Black "Miguez Cabello, Federico"]
[Result "1-0"]
[WhiteElo "1862"]
[BlackElo "1770"]
[PlyCount "91"]
[EventDate "2013.04.13"]
[EventType "swiss"]
[EventRounds "7"]
[EventCountry "ESP"]
[SourceTitle "EXT 2014"]
[Source "ChessBase"]
[SourceDate "2013.11.20"]
[SourceVersion "1"]
[SourceVersionDate "2013.11.20"]
[SourceQuality "1"]

1. e4 c6 2. d4 d5 3. e5 Bf5 4. h4 h5 5. Bg5 Qb6 6. Bd3 Bxd3 7. Qxd3 e6 8. Nd2 Ne7 9. Ne2 c5 10. c4 Nbc6 11. 0-0 cxd4 12. Bxe7 Bxe7 13. cxd5 Nxe5 14. Qe4 Ng4 15. dxe6 Qxe6 16. Qxe6 fxe6 17. Nxd4 e5 18. Nf5 Bc5 19. Ne4 0-0 20. Nxc5 Rxf5 21. Nxb7 Raf8 22. f3 Ne3 23. Rf2 Rf4 24. Re2 Nf5 25. Rxe5 Nxh4 26. Rxh5 Nf5 27. Nc5 g6 28. Rg5 Kf7 29. Rd1 Re8 30. Ne4 Kg7 31. Nd6 Rb8 32. Nxf5+ Kf6 33. Nd4 Kxg5 34. Ne6+ Kf5 35. Nxf4 Kxf4 36. Rd4+ Kf5 37. b3 Rc8 38. Ra4 Rc7 39. Kf2 Rc2+ 40. Kg3 Rc7 41. Ra5+ Kf6 42. Kg4 Rd7 43. f4 Rc7 44. Ra6+ Kf7 45. b4 Rd7 46. b5 1-0

[Event "Llinars del Valles op-A 7th"]
[Site "Llinars del Valles"]
[Date "2013.04.20"]
[Round "2"]
[White "Miguez Cabello, Federico"]
[Black "Aymerich Verdaguer, Eduard"]
[Result "0-1"]
[WhiteElo "1770"]
[BlackElo "1912"]
[PlyCount "72"]
[EventDate "2013.04.13"]
[EventType "swiss"]
[EventRounds "7"]
[EventCountry "ESP"]
[SourceTitle "EXT 2014"]
[Source "ChessBase"]
[SourceDate "2013.11.20"]
[SourceVersion "1"]
[SourceVersionDate "2013.11.20"]
[SourceQuality "1"]

1. d4 Nf6 2. Nf3 g6 3. c4 Bg7 4. Nc3 0-0 5. e4 d6 6. Be2 e5 7. dxe5 dxe5 8. Qxd8 Rxd8 9. Bg5 Re8 10. Nd5 Nxd5 11. cxd5 c6 12. Bc4 cxd5 13. Bxd5 Nd7 14. 0-0 Nc5 15. Be3 Nd3 16. Bc4 Nf4 17. g3 Ne6 18. Ng5 Nxg5 19. Bxg5 Bh3 20. Rfd1 Rac8 21. b3 a6 22. a4 h6 23. Be3 Bf8 24. Rac1 Ba3 25. Ra1 Bb4 26. Rac1 Bg4 27. f3 Bh3 28. g4 h5 29. gxh5 gxh5 30. Kf2 Ba3 31. Ra1 Be7 32. Rg1+ Kh8 33. Rac1 f5 34. Be6 Rxc1 35. Bxc1 Bh4+ 36. Ke2 Rxe6 0-1

[Event "Llinars del Valles op-A 7th"]
[Site "Llinars del Valles"]
[Date "2013.04.13"]
[Round "1"]
[White "Molano Lafuente, Ismael"]
[Black "Miguez Cabello, Federico"]
[Result "1-0"]
[WhiteElo "1994"]
[BlackElo "1770"]
[PlyCount "129"]
[EventDate "2013.04.13"]
[EventType "swiss"]
[EventRounds "7"]
[EventCountry "ESP"]
[SourceTitle "EXT 2014"]
[Source "ChessBase"]
[SourceDate "2013.11.20"]
[SourceVersion "1"]
[SourceVersionDate "2013.11.20"]
[SourceQuality "1"]

1. f4 e5 2. fxe5 d6 3. exd6 Bxd6 4. Nf3 g5 5. d4 g4 6. Ne5 Bxe5 7. dxe5 Qxd1+ 8. Kxd1 Nc6 9. Nc3 Be6 10. Bf4 0-0-0+ 11. Kc1 Nge7 12. e4 Ng6 13. Bg5 Rde8 14. Bf6 Rhg8 15. Bb5 Bd7 16. Bxc6 Bxc6 17. Kd2 Nxe5 18. Bxe5 Rxe5 19. Rae1 f5 20. exf5 Rd8+ 21. Kc1 Rxf5 22. Re2 Re8 23. Rhe1 Rxe2 24. Rxe2 Rh5 25. g3 Bf3 26. Rd2 Re5 27. b3 c6 28. Kb2 Kc7 29. a3 Re6 30. Na2 Rd6 31. Kc3 Rxd2 32. Kxd2 Kd6 33. Nc1 Ke6 34. Nd3 b6 35. Ke3 Kf5 36. c3 c5 37. Nf4 a5 38. Nd3 Bd5 39. b4 axb4 40. axb4 cxb4 41. Nxb4 Bc4 42. Kd4 b5 43. Nc2 Be2 44. Ne3+ Kg5 45. Ke5 h5 46. Nc2 h4 47. Nd4 Bc4 48. Ne6+ Kh5 49. Kf6 hxg3 50. hxg3 Kh6 51. Nf4 Bb3 52. Ne2 Bc4 53. Nd4 Bd3 54. Nf5+ Kh5 55. Ne7 Bc2 56. Nd5 Be4 57. Nf4+ Kh6 58. Ke5 Bf3 59. Kd6 Bd1 60. Kc5 Ba4 61. Kb4 Kg5 62. c4 bxc4 63. Kxa4 Kf5 64. Kb4 Ke4 65. Kxc4 1-0

[Event "Roncana op 6th"]
[Site "Santa Eulalia de Roncana"]
[Date "2012.11.03"]
[Round "4"]
[White "Miguez Cabello, Federico"]
[Black "Lopez Pajuelo, Aleix"]
[Result "1-0"]
[WhiteElo "1753"]
[BlackElo "1802"]
[PlyCount "143"]
[EventDate "2012.10.06"]
[EventType "swiss"]
[EventRounds "8"]
[EventCountry "ESP"]
[SourceTitle "EXT 2014"]
[Source "ChessBase"]
[SourceDate "2013.11.20"]
[SourceVersion "1"]
[SourceVersionDate "2013.11.20"]
[SourceQuality "1"]

1. d4 Nf6 2. Nf3 d5 3. c4 e6 4. Nc3 Bd6 5. Bg5 c6 6. e3 0-0 7. Be2 Nbd7 8. 0-0 b6 9. cxd5 exd5 10. Rc1 h6 11. Bh4 Bb7 12. Qb3 Qe8 13. Rfd1 Rc8 14. Qa4 a6 15. Qb3 Ne4 16. Nxe4 Qxe4 17. Bd3 Qe6 18. Bb1 Rfe8 19. Qd3 Nf8 20. Bg3 Bxg3 21. hxg3 f6 22. Nh4 Qe4 23. Qb3 Qe7 24. Qxb6 Rb8 25. Qb3 Bc8 26. Qc2 Bg4 27. Re1 Rec8 28. b3 Bh5 29. e4 Qb4 30. exd5 cxd5 31. Qd3 Qa3 32. Rxc8 Rxc8 33. Qf5 Rc1 34. Qxd5+ Bf7 35. Qe4 Rc8 36. Qd3 Qb4 37. Rd1 Bh5 38. Rf1 Re8 39. Nf3 a5 40. Qc4+ Qxc4 41. bxc4 Rd8 42. d5 Nd7 43. Nd4 Ne5 44. Rc1 Bf7 45. Bf5 g6 46. Be6 Bxe6 47. Nxe6 Rc8 48. d6 Kf7 49. Nc7 g5 50. c5 Rd8 51. Rb1 Nd3 52. Rb5 a4 53. Ra5 Rb8 54. c6 Rb1+ 55. Kh2 g4 56. Rf5 Kg6 57. Rf4 Nxf4 58. gxf4 Kf7 59. d7 Ke7 60. Ne6 Rd1 61. d8Q+ Rxd8 62. Nxd8 Kxd8 63. Kg3 f5 64. f3 h5 65. fxg4 hxg4 66. Kh4 Kc7 67. Kg5 Kxc6 68. Kxf5 Kc5 69. Kxg4 Kb4 70. f5 Ka3 71. f6 Kxa2 72. f7 1-0

[Event "Roncana op 6th"]
[Site "Santa Eulalia de Roncana"]
[Date "2012.10.27"]
[Round "3"]
[White "Batalle Mompart, Carles"]
[Black "Miguez Cabello, Federico"]
[Result "1/2-1/2"]
[WhiteElo "1609"]
[BlackElo "1753"]
[PlyCount "35"]
[EventDate "2012.10.06"]
[EventType "swiss"]
[EventRounds "8"]
[EventCountry "ESP"]
[SourceTitle "EXT 2014"]
[Source "ChessBase"]
[SourceDate "2013.11.20"]
[SourceVersion "1"]
[SourceVersionDate "2013.11.20"]
[SourceQuality "1"]

1. d4 Nf6 2. c4 e6 3. Nf3 c5 4. e3 d5 5. Nc3 Be7 6. Bd3 0-0 7. 0-0 cxd4 8. exd4 b6 9. cxd5 exd5 10. h3 Nc6 11. a3 Bb7 12. Re1 Re8 13. Bf4 Bd6 14. Rxe8+ Nxe8 15. Nxd5 Bxf4 16. Nxf4 Nf6 17. Ne5 Qd6 18. Nxc6 1/2-1/2

[Event "Llinars del Valles op-B 6th"]
[Site "Llinars del Valles"]
[Date "2012.05.26"]
[Round "7"]
[White "Alonso Rodriguez, Francisco Javier"]
[Black "Miguez Cabello, Federico"]
[Result "0-1"]
[WhiteElo "1593"]
[BlackElo "1722"]
[PlyCount "95"]
[EventDate "2012.04.14"]
[EventType "swiss"]
[EventRounds "9"]
[EventCountry "ESP"]
[SourceTitle "EXT 2013"]
[Source "ChessBase"]
[SourceDate "2012.11.22"]
[SourceVersion "1"]
[SourceVersionDate "2012.11.22"]
[SourceQuality "1"]

1. e4 c6 2. d4 d5 3. exd5 cxd5 4. c4 Nf6 5. Nc3 e6 6. Nf3 Bb4 7. cxd5 Nxd5 8. Qc2 Nd7 9. a3 Bxc3+ 10. bxc3 0-0 11. Bd3 N5f6 12. Ng5 h6 13. h4 e5 14. a4 exd4 15. Ba3 Re8+ 16. Kd2 dxc3+ 17. Kc1 Nf8 18. Bxf8 Rxf8 19. Ra3 Be6 20. Nxe6 fxe6 21. Rxc3 Rc8 22. Bc4 Nd5 23. Rd1 Kh8 24. Bxd5 Rxc3 25. Qxc3 exd5 26. Qc5 Qc8 27. Rxd5 Qxc5+ 28. Rxc5 Rxf2 29. Rc7 Rf4 30. Rxb7 Rxa4 31. h5 Ra5 32. Rc7 a6 33. Rc6 Rg5 34. Rxa6 Rxg2 35. Ra5 Rg5 36. Rxg5 hxg5 37. Kd2 Kh7 38. Ke3 Kh6 39. Kf3 Kxh5 40. Kg3 g6 41. Kh3 g4+ 42. Kg3 Kg5 43. Kg2 Kf4 44. Kf2 g3+ 45. Kg2 g5 46. Kg1 Kf3 47. Kf1 g2+ 48. Kg1 0-1

[Event "Vall del Tenes op 1st"]
[Site "Vall del Tenes"]
[Date "2012.05.25"]
[Round "7"]
[White "Miguez Cabello, Federico"]
[Black "Bouzas Arcos, Juan Manuel"]
[Result "1/2-1/2"]
[WhiteElo "1722"]
[BlackElo "1789"]
[PlyCount "122"]
[EventDate "2012.04.13"]
[EventType "swiss"]
[EventRounds "8"]
[EventCountry "ESP"]
[SourceTitle "CBM 148 Extra"]
[Source "ChessBase"]
[SourceDate "2012.06.22"]
[SourceVersion "1"]
[SourceVersionDate "2012.06.22"]
[SourceQuality "1"]

1. d4 e6 2. Nf3 f5 3. d5 d6 4. dxe6 Bxe6 5. Nc3 Nf6 6. Bf4 Nc6 7. e3 g6 8. Bb5 Bg7 9. 0-0 0-0 10. Bxc6 bxc6 11. Nd4 Bd7 12. Qf3 Qe8 13. Rab1 Ne4 14. Nxe4 fxe4 15. Qd1 Rb8 16. c3 c5 17. Ne2 Bb5 18. Qd2 Bd3 19. Rbe1 Qb5 20. b3 Qa5 21. Rc1 Rf5 22. Rfd1 Rbf8 23. c4 Qxd2 24. Rxd2 g5 25. Bg3 h5 26. h4 Bxe2 27. Rxe2 g4 28. Rd1 Kf7 29. Red2 Ke6 30. Rd5 Rxd5 31. cxd5+ Kf5 32. Kf1 Rb8 33. Ke2 Rb5 34. f3 gxf3+ 35. gxf3 exf3+ 36. Kxf3 Rb4 37. Re1 Re4 38. Bf4 Bf6 39. Rg1 a5 40. Rg8 a4 41. Rf8 axb3 42. axb3 Rb4 43. Bg5 Rxb3 44. Rxf6+ Ke5 45. Rf7 Kxd5 46. Rxc7 c4 47. Bf6 Ke6 48. Bd4 d5 49. Kf4 Kd6 50. Rc8 Kd7 51. Rc5 Kd6 52. Kg5 Rb7 53. Kxh5 Rh7+ 54. Kg5 Re7 55. h5 Re8 56. h6 Rg8+ 57. Kf6 Rh8 58. Kg7 Rb8 59. h7 Rb7+ 60. Kg6 Rb8 61. Be5+ Kxe5 1/2-1/2

[Event "Llinars del Valles op-B 6th"]
[Site "Llinars del Valles"]
[Date "2012.05.12"]
[Round "5"]
[White "Alonso Liarte, Ivan"]
[Black "Miguez Cabello, Federico"]
[Result "0-1"]
[WhiteElo "1521"]
[BlackElo "1722"]
[PlyCount "42"]
[EventDate "2012.04.14"]
[EventType "swiss"]
[EventRounds "9"]
[EventCountry "ESP"]
[SourceTitle "EXT 2013"]
[Source "ChessBase"]
[SourceDate "2012.11.22"]
[SourceVersion "1"]
[SourceVersionDate "2012.11.22"]
[SourceQuality "1"]

1. e4 c6 2. d4 d5 3. f3 g6 4. Nc3 Bg7 5. Be3 Qb6 6. Na4 Qa5+ 7. Nc3 dxe4 8. fxe4 Nf6 9. Qd2 Ng4 10. Bf4 e5 11. dxe5 Bxe5 12. Nf3 Bxc3 13. bxc3 Be6 14. Bd3 Nd7 15. Ng5 0-0-0 16. Nxe6 fxe6 17. Bc4 e5 18. Bg5 Ndf6 19. Be6+ Kb8 20. Qe2 Qxc3+ 21. Kf1 Qxa1+ 0-1

[Event "Llinars del Valles op-B 6th"]
[Site "Llinars del Valles"]
[Date "2012.04.28"]
[Round "3"]
[White "Saborit Verdaguer, Roger"]
[Black "Miguez Cabello, Federico"]
[Result "1/2-1/2"]
[WhiteElo "1574"]
[BlackElo "1722"]
[PlyCount "93"]
[EventDate "2012.04.14"]
[EventType "swiss"]
[EventRounds "9"]
[EventCountry "ESP"]
[SourceTitle "EXT 2013"]
[Source "ChessBase"]
[SourceDate "2012.11.22"]
[SourceVersion "1"]
[SourceVersionDate "2012.11.22"]
[SourceQuality "1"]

1. e4 c6 2. d4 d5 3. e5 Bf5 4. Bd3 Bxd3 5. Qxd3 e6 6. Nf3 Qa5+ 7. c3 Qa6 8. Qxa6 Nxa6 9. 0-0 Ne7 10. Bf4 h5 11. Bg5 Nf5 12. Nbd2 Be7 13. Bxe7 Kxe7 14. Rfe1 Nc7 15. Nf1 Rag8 16. Ne3 Nxe3 17. Rxe3 g5 18. Kf1 g4 19. Nd2 h4 20. h3 Rg6 21. hxg4 Rxg4 22. Rh3 Ne8 23. g3 Ng7 24. gxh4 Rgxh4 25. Rxh4 Rxh4 26. Ke2 Nf5 27. Rg1 Rh8 28. Nf1 b6 29. Ne3 Nxe3 30. Kxe3 Rh3+ 31. Ke2 Kf8 32. Kd2 c5 33. Rg3 Rh1 34. a3 c4 35. Re3 Rb1 36. Kc2 Rf1 37. Re2 Ra1 38. Kd2 a5 39. Re1 Rxe1 40. Kxe1 Kg7 41. Ke2 a4 42. Kf3 Kg6 43. Kg4 Kh6 44. f3 Kg6 45. Kf4 Kh5 46. Kg3 Kg5 47. f4+ 1/2-1/2

[Event "Llinars del Valles op-B 6th"]
[Site "Llinars del Valles"]
[Date "2012.04.21"]
[Round "2"]
[White "Miguez Cabello, Federico"]
[Black "Mallol Descarrega, Jordi"]
[Result "1-0"]
[WhiteElo "1722"]
[BlackElo "1463"]
[PlyCount "49"]
[EventDate "2012.04.14"]
[EventType "swiss"]
[EventRounds "9"]
[EventCountry "ESP"]
[SourceTitle "EXT 2013"]
[Source "ChessBase"]
[SourceDate "2012.11.22"]
[SourceVersion "1"]
[SourceVersionDate "2012.11.22"]
[SourceQuality "1"]

1. d4 Nf6 2. c4 e6 3. Nf3 c5 4. d5 d6 5. Nc3 e5 6. e4 Bg4 7. Be2 Nbd7 8. Nd2 Bxe2 9. Qxe2 Nb6 10. a4 a6 11. 0-0 Nc8 12. f4 Qd7 13. Nf3 exf4 14. Bxf4 Ne7 15. e5 Nh5 16. Bd2 Ng6 17. Ng5 Nxe5 18. Qxh5 g6 19. Qh3 Qxh3 20. Nxh3 Nxc4 21. Rae1+ Kd7 22. Rxf7+ Kd8 23. Bg5+ Be7 24. Rexe7 Kc8 25. Rc7+ 1-0

[Event "Roncana op-A 5th"]
[Site "Santa Eulalia de Roncana"]
[Date "2011.11.05"]
[Round "5"]
[White "Miguez Cabello, Federico"]
[Black "Presseguer Casanovas, Josep Maria"]
[Result "1/2-1/2"]
[WhiteElo "1705"]
[BlackElo "1972"]
[PlyCount "60"]
[EventDate "2011.10.01"]
[EventType "swiss"]
[EventRounds "8"]
[EventCountry "ESP"]
[SourceTitle "EXT 2013"]
[Source "ChessBase"]
[SourceDate "2012.11.22"]
[SourceVersion "1"]
[SourceVersionDate "2012.11.22"]
[SourceQuality "1"]

1. d4 Nf6 2. c4 e5 3. dxe5 Ng4 4. e4 Nxe5 5. f4 Ng6 6. Be3 Bb4+ 7. Nc3 Qe7 8. Bd3 f5 9. Qc2 fxe4 10. Bxe4 Bxc3+ 11. bxc3 0-0 12. 0-0-0 Re8 13. Bd5+ Kh8 14. Bd2 c6 15. Bf3 d6 16. Ne2 Qf7 17. Nd4 Na6 18. Bh5 Rf8 19. Bxg6 hxg6 20. Rde1 Bf5 21. Nxf5 gxf5 22. Re3 Rae8 23. Rxe8 Rxe8 24. Re1 g6 25. Qd3 Rxe1+ 26. Bxe1 Qe6 27. Bf2 b6 28. Bd4+ Kg8 29. Qh3 Qe1+ 30. Kc2 Qe2+ 1/2-1/2

[Event "Roncana op-A 5th"]
[Site "Santa Eulalia de Roncana"]
[Date "2011.10.08"]
[Round "2"]
[White "Vegara Gallego, Pere"]
[Black "Miguez Cabello, Federico"]
[Result "1-0"]
[WhiteElo "1790"]
[BlackElo "1705"]
[PlyCount "137"]
[EventDate "2011.10.01"]
[EventType "swiss"]
[EventRounds "8"]
[EventCountry "ESP"]
[SourceTitle "EXT 2013"]
[Source "ChessBase"]
[SourceDate "2012.11.22"]
[SourceVersion "1"]
[SourceVersionDate "2012.11.22"]
[SourceQuality "1"]

1. d4 Nf6 2. Bf4 e6 3. Nf3 d5 4. e3 c6 5. Nbd2 Bd6 6. Bxd6 Qxd6 7. c3 Nbd7 8. Qc2 0-0 9. Be2 e5 10. dxe5 Nxe5 11. 0-0-0 Nxf3 12. Bxf3 Qc7 13. e4 Be6 14. h3 b5 15. exd5 Bxd5 16. Kb1 a5 17. Rhe1 b4 18. c4 Bxf3 19. Nxf3 a4 20. Qf5 a3 21. b3 Ra5 22. Re5 Rxe5 23. Qxe5 Qxe5 24. Nxe5 Ne4 25. Ka1 Nc3 26. Rd2 Re8 27. Nd3 Rd8 28. g3 Ne4 29. Rd1 Ng5 30. Kb1 Ne4 31. Kc2 Nc3 32. Ra1 c5 33. Kd2 Re8 34. Nxc5 Re2+ 35. Kd3 Rxf2 36. Na6 Rf3+ 37. Kd4 Rf6 38. Nxb4 Ne2+ 39. Kd5 Nxg3 40. c5 Nf5 41. Nc2 Ne7+ 42. Kc4 Kf8 43. Nxa3 Rf3 44. b4 Rxa3 45. b5 Rxh3 46. c6 Ke8 47. a4 Kd8 48. Rd1+ Kc8 49. a5 Rh4+ 50. Kc5 Rh5+ 51. Kb6 Nd5+ 52. Rxd5 Rxd5 53. a6 Rd1 54. Ka7 Kc7 55. b6+ Kxc6 56. b7 Rd7 57. Ka8 Rd8+ 58. b8Q Rxb8+ 59. Kxb8 Kd6 60. a7 Ke5 61. a8Q f5 62. Qh1 Kf4 63. Qxh7 Kf3 64. Qxg7 f4 65. Qa1 Kf2 66. Qa2+ Ke3 67. Qb3+ Ke2 68. Qb2+ Kf3 69. Qc1 1-0

[Event "Roncana op-A 5th"]
[Site "Santa Eulalia de Roncana"]
[Date "2011.10.01"]
[Round "1"]
[White "Miguez Cabello, Federico"]
[Black "Cordomi Fons, Francesco"]
[Result "1/2-1/2"]
[WhiteElo "1705"]
[BlackElo "1970"]
[PlyCount "52"]
[EventDate "2011.10.01"]
[EventType "swiss"]
[EventRounds "8"]
[EventCountry "ESP"]
[SourceTitle "EXT 2013"]
[Source "ChessBase"]
[SourceDate "2012.11.22"]
[SourceVersion "1"]
[SourceVersionDate "2012.11.22"]
[SourceQuality "1"]

1. d4 d5 2. c4 e6 3. Nc3 Nf6 4. Nf3 c6 5. e3 Be7 6. Bd3 0-0 7. 0-0 Nbd7 8. e4 dxe4 9. Nxe4 Nxe4 10. Bxe4 Nf6 11. Qc2 Nxe4 12. Qxe4 f6 13. Bf4 Bd6 14. Rfd1 Qc7 15. Bxd6 Qxd6 16. d5 Bd7 17. dxc6 Qxc6 18. Qxc6 Bxc6 19. Nd4 Bd7 20. Nb3 Ba4 21. Rd6 Bxb3 22. axb3 e5 23. Rad1 Rf7 24. Rd8+ Rxd8 25. Rxd8+ Rf8 26. Rd7 Rf7 1/2-1/2

[Event "Santa Eulalia de Roncana 3rd"]
[Site "Santa Eulalia de Roncana"]
[Date "2009.11.21"]
[Round "8.10"]
[White "Fernandez Felguera, Alvaro"]
[Black "Miguez Cabello, Federico"]
[Result "1/2-1/2"]
[WhiteElo "1585"]
[BlackElo "1671"]
[PlyCount "65"]
[EventDate "2009.10.03"]
[EventType "swiss"]
[EventRounds "9"]
[EventCountry "ESP"]
[SourceTitle "EXT 2024"]
[Source "ChessBase"]
[SourceDate "2023.10.10"]
[SourceVersion "1"]
[SourceVersionDate "2023.10.10"]
[SourceQuality "1"]

1. d4 d5 2. c4 e6 3. Nc3 c6 4. e3 Bd6 5. f4 f5 6. Nf3 Nf6 7. Ne5 0-0 8. Be2 Nbd7 9. g4 Ne4 10. Nxe4 fxe4 11. g5 Nxe5 12. dxe5 Bc5 13. Qc2 Qb6 14. Qb3 d4 15. exd4 Bxd4 16. h4 Bf2+ 17. Kf1 Qxb3 18. axb3 e3 19. Rh3 Bd7 20. Kg2 c5 21. Bxe3 Bxe3 22. Rxe3 Rxf4 23. Kg3 Raf8 24. Rxa7 Bc6 25. Bg4 h5 26. Bxe6+ Kh7 27. Bd5 Rg4+ 28. Kh3 Bxd5 29. cxd5 Rf1 30. Re2 Rh1+ 31. Rh2 Rhg1 32. Rg2 Rh1+ 33. Rh2 1/2-1/2

[Event "Santa Eulalia de Roncana 3rd"]
[Site "Santa Eulalia de Roncana"]
[Date "2009.10.31"]
[Round "5.13"]
[White "Amores Gago, Javier"]
[Black "Miguez Cabello, Federico"]
[Result "0-1"]
[WhiteElo "1752"]
[BlackElo "1671"]
[PlyCount "88"]
[EventDate "2009.10.03"]
[EventType "swiss"]
[EventRounds "9"]
[EventCountry "ESP"]
[SourceTitle "EXT 2024"]
[Source "ChessBase"]
[SourceDate "2023.10.10"]
[SourceVersion "1"]
[SourceVersionDate "2023.10.10"]
[SourceQuality "1"]

1. e4 c6 2. d4 d5 3. Nc3 dxe4 4. Nxe4 Nd7 5. Nf3 e6 6. Bf4 Ndf6 7. Bd3 Nxe4 8. Bxe4 Nf6 9. Bd3 Qb6 10. b3 Nd5 11. Bd2 c5 12. dxc5 Bxc5 13. 0-0 Bd7 14. c3 Bc6 15. a4 Bd6 16. Nd4 0-0 17. b4 Qc7 18. g3 Rac8 19. Rc1 b6 20. Qe2 Qd7 21. Bb5 Bxb5 22. axb5 Ne7 23. f4 Bxb4 24. Nf3 Bc5+ 25. Kg2 Qb7 26. g4 Nd5 27. g5 Ba3 28. Rcd1 Nxc3 29. Bxc3 Rxc3 30. h4 Rfc8 31. Rd2 Bc1 32. Ra2 Bxf4 33. Rd1 g6 34. Kf2 Qc7 35. Nd4 Be3+ 36. Qxe3 Rxe3 37. Kxe3 Qg3+ 38. Ke2 Qg2+ 39. Ke3 Qxa2 40. Nc6 Qb3+ 41. Rd3 Qc4 42. Ne7+ Kf8 43. Nxc8 Qxc8 44. Ke4 Qc4+ 0-1

[Event "Santa Eulalia de Roncana 3rd"]
[Site "Santa Eulalia de Roncana"]
[Date "2009.10.24"]
[Round "4.13"]
[White "Miguez Cabello, Federico"]
[Black "Vegara Gallego, Pere"]
[Result "1/2-1/2"]
[WhiteElo "1671"]
[BlackElo "1859"]
[PlyCount "71"]
[EventDate "2009.10.03"]
[EventType "swiss"]
[EventRounds "9"]
[EventCountry "ESP"]
[SourceTitle "EXT 2024"]
[Source "ChessBase"]
[SourceDate "2023.10.10"]
[SourceVersion "1"]
[SourceVersionDate "2023.10.10"]
[SourceQuality "1"]

1. d4 d5 2. c4 c6 3. Nc3 Nf6 4. Nf3 Bf5 5. cxd5 cxd5 6. e3 e6 7. Bb5+ Nbd7 8. 0-0 a6 9. Ba4 b5 10. Bb3 Bd6 11. Ne2 Rc8 12. Ng3 Bg6 13. Qe2 0-0 14. Bd2 Ne4 15. Rac1 Qb6 16. Nxe4 Bxe4 17. Ng5 Bg6 18. Rxc8 Rxc8 19. Rc1 Rxc1+ 20. Bxc1 h6 21. Nf3 Qc7 22. Bd2 Bc2 23. Ba5 Qxa5 24. Qxc2 Qc7 25. Qxc7 Bxc7 26. a4 b4 27. Bc2 a5 28. Ne1 Kf8 29. Nd3 Ke7 30. h3 Kd6 31. Kf1 e5 32. dxe5+ Nxe5 33. Nxe5 Kxe5 34. Ke2 g5 35. b3 f5 36. g3 1/2-1/2